Monumentos artísticos de La Seo en el siglo XV (Record no. 66325)

MARC details
000 -LEADER
campo de control de longitud fija 00696nam a2200193 i 4500
001 - NÚMERO DE CONTROL
campo de control 66325
003 - IDENTIFICADOR DE NÚMERO DE CONTROL
campo de control ES-MaACL
005 - FECHA Y HORA DE LA ÚLTIMA TRANSACCIÓN
campo de control 20231216062906.0
007 - CAMPO FIJO DE DESCRIPCIÓN FÍSICA--INFORMACIÓN GENERAL
campo de control de longitud fija t|
008 - DATOS DE LONGITUD FIJA--INFORMACIÓN GENERAL
campo de control de longitud fija 040203s1923 sp ||||1| spa d
100 1# - ENTRADA PRINCIPAL--NOMBRE DE PERSONA
Nombre de persona Galindo Romeo, Pascual,
Fechas asociadas al nombre 1892-1990
9 (RLIN) 53446
245 10 - MENCIÓN DEL TÍTULO
Título Monumentos artísticos de La Seo en el siglo XV
Resto del título : (El Facistol de los leones, El Cimborrio, El Retablo mayor) /
Mención de responsabilidad, etc. por Pascual Galindo Romeo.
260 ## - PUBLICACIÓN, DISTRIBUCIÓN, ETC.
Lugar de publicación, distribución, etc. Zaragoza :
Nombre del editor, distribuidor, etc. [s.n.,
Fecha de publicación, distribución, etc. 1923] (
Fabricante Tip. La Académica)
300 ## - DESCRIPCIÓN FÍSICA
Extensión 109 p. ;
Dimensiones 25 cm.
490 1# - MENCIÓN DE SERIE
Mención de serie Estudios eclesiásticos de Aragón
830 0# - PUNTO DE ACCESO ADICIONAL DE SERIE-TÍTULO UNIFORME
Título uniforme Estudios eclesiásticos de Aragón
9 (RLIN) 230798
852 ## - LOCALIZACIÓN
Ubicación ES-MaACL
Número de control de estantería C-6596
Holdings
Estatus retirado Estado de pérdida Estado de daño No para préstamo Biblioteca de origen Biblioteca actual Ubicación en estantería Fecha de adquisición Fuente de adquisición Total de préstamos Signatura topográfica completa Código de barras Visto por última vez Precio de reemplazo Tipo de ítem Koha
        Biblioteca del Ateneo de Madrid Biblioteca del Ateneo de Madrid Sala Palomar 17/01/2008     C-6596 1069486 23/02/2023 23/02/2023 Libro impreso